| 000 | 00355cam a22001097a 4500 | ||
|---|---|---|---|
| 008 | 180718bn.d xxu||||| |||| 00| 0 eng d | ||
| 082 | _aB71103x5434 A | ||
| 100 | _aRajasthan. Law and Judicial (A) Department | ||
| 245 | _aThe Rajasthan Panchayat samitis and Zila Paraishad Act, 1959 (Act No. 37 of 1959) | ||
| 260 |
_aJaipur _bThe author _cn.d |
||
| 300 | _a57p | ||
| 999 |
_c493547 _d493547 |
||